| 000 | 00745nas a2200229 4500 | ||
|---|---|---|---|
| 001 | BR8000616 | ||
| 003 | BR-BrBNA | ||
| 005 | 20231205084114.0 | ||
| 007 | ta | ||
| 008 | 230509b bl.|||p| |||| 00| 00por d | ||
| 040 |
_aBR-BrBNA _bpor _cBiblioteca Nacional de Agricultura |
||
| 041 | _a(Pt) | ||
| 072 | _aN10 | ||
| 100 | 1 | _aPiedade Junior, C. | |
| 245 | 1 | _aConfronto do afastamento medio entre postes em projetos de eletrificacao rural [Brasil] | |
| 246 | 1 | _aRuling span in rural eletrification designs [Brazil] | |
| 650 | _aEngenharia rural | ||
| 650 | _aEletrificacao rural | ||
| 773 | 0 |
_tCientifica (Brazil) _xISSN 0100-0039 _g(1979), v. 7(3) p. 377-382 _wBR8000616 |
|
| 909 |
_a202311 _bLúcia _c55 _dLúcia Elande |
||
| 942 |
_2AGRIS _n0 _cANA |
||
| 999 |
_c103170 _d103170 |
||